Zahraničný cestovný ruch v Laose

Laos a jeho geografické údaje. Laos ponúka turistom kultúrne a prírodné aktivity. Príjmy z cestovného ruchu. Kapacita ubytovacích a stravovacích zariadení. Rozvoj cestovného ruchu v Laose.

Gespeichert in:
Bibliographische Detailangaben
1. Verfasser: Sundara, K.
Format: Buchkapitel
Sprache:Slowakisch
Schlagworte:
Tags: Tag hinzufügen
Keine Tags, Fügen Sie das erste Tag hinzu!

MARC

LEADER 00000naa a2200000 4500
001 r026431
005 20230724103922.3
041 0 |a slo 
044 |a SK 
245 1 0 |a Zahraničný cestovný ruch v Laose  |c K. Sundara 
520 |a Laos a jeho geografické údaje. Laos ponúka turistom kultúrne a prírodné aktivity. Príjmy z cestovného ruchu. Kapacita ubytovacích a stravovacích zariadení. Rozvoj cestovného ruchu v Laose. 
610 2 0 |a ruch cestovný zahraničný 
610 2 0 |a Laos 
610 2 0 |a príjmy 
610 2 0 |a zariadenia ubytovacie 
610 2 0 |a zariadenia stravovacie 
610 2 0 |a geografia 
100 1 |a Sundara, K.